Groups in practice / (Record no. 851)

MARC details
000 -LEADER
fixed length control field 01253cam a2200325 a 4500
005 - DATE AND TIME OF LATEST TRANSACTION
control field 20260322212036.0
008 - FIXED-LENGTH DATA ELEMENTS--GENERAL INFORMATION
fixed length control field data
010 ## - LIBRARY OF CONGRESS CONTROL NUMBER
LC control number 2005934058
020 ## - INTERNATIONAL STANDARD BOOK NUMBER
International Standard Book Number 9780618382484 (hbk. : student text)
020 ## - INTERNATIONAL STANDARD BOOK NUMBER
International Standard Book Number 0618382488 (hbk. : student text)
020 ## - INTERNATIONAL STANDARD BOOK NUMBER
International Standard Book Number 9780618731350 (hbk. : instructor's examination copy)
020 ## - INTERNATIONAL STANDARD BOOK NUMBER
International Standard Book Number 0618731350 (hbk. : instructor's examination copy)
040 ## - CATALOGING SOURCE
Original cataloging agency DLC
Transcribing agency DLC
050 00 - LIBRARY OF CONGRESS CALL NUMBER
Classification number BF636.7.G76
Item number D39 2007
096 ## - LOCALLY ASSIGNED NLM-TYPE CALL NUMBER (OCLC)
Classification number WM 430 D39 2007
001 - CONTROL NUMBER
control field data
100 1# - MAIN ENTRY--PERSONAL NAME
Personal name Day, Susan,
Dates associated with a name 1950 October 12-
245 10 - TITLE STATEMENT
Title Groups in practice /
Statement of responsibility, etc. Susan Day, Rex A. Stockton & Dennis M. Kivligham.
250 ## - EDITION STATEMENT
Edition statement 1st ed.
260 ## - PUBLICATION, DISTRIBUTION, ETC.
Place of publication, distribution, etc. Boston :
Name of publisher, distributor, etc. Lahaska Press,
Date of publication, distribution, etc. c2007.
300 ## - PHYSICAL DESCRIPTION
Extent xvi, 462 p. ;
Dimensions 24 cm.
504 ## - BIBLIOGRAPHY, ETC. NOTE
Bibliography, etc. note Includes bibliographical references and index.
650 #0 - SUBJECT ADDED ENTRY--TOPICAL TERM
Topical term or geographic name entry element Group counseling.
700 1# - ADDED ENTRY--PERSONAL NAME
Personal name Stockton, Rex A.
Dates associated with a name 1936-
Fuller form of name (Rex Arthur),
700 1# - ADDED ENTRY--PERSONAL NAME
Personal name Kivligham, Dennis M.
906 ## - LOCAL DATA ELEMENT F, LDF (RLIN)
a 7
b cbc
c orignew
d 3
e epcn
f 20
g y-gencatlg
925 0# -
-- acquire
-- 1 shelf copies
-- policy default
925 1# -
-- acquire
-- 2 shelf copies
-- policy default
955 ## - COPY-LEVEL INFORMATION (RLIN)
-- sh44 2008-08-18
-- sh45 2008-08-21 to BCCD (Telework)
Holdings
Withdrawn status Lost status Damaged status Not for loan Home library Current library Shelving location Date acquired Total checkouts Full call number Barcode Date last seen Price effective from Koha item type
        Centerville Centerville General stacks 22/03/2026   BF636.7.G76 D39 2007 BC0010876 22/03/2026 22/03/2026 Books